00888nam a2200157 a 450000100100000000500170001000800410002704000250006811000820009324502660017526000750044130000210051604900090053795201670054699900170071300003422120200930070859.0110928s1935 dr 000 0 spa d aDO-SdBNPbspacBNPHU1 aRepública DominicanabSecretaría de Estado de Relaciones Exteriores9225610aCandidatura de su excelencia el generalisimo doctor Rafael L. Trujillo Molina, presidente de la República Dominicana y de su excelencia el Dr. Stenio Vincent presidente de la República de Haití para el premio Novel de la Paz que sera adjudicado en 1926 /. aCiudad Trujillo, República Dominicana :bEditora La Nación,c1935. a164 p. ;c24 cm. aBNPD 001050718RVaPDbPDcCTd2011-09-28iLF1l0o p34221-10r2020-06-25w2020-06-25y1zPerteneció a la biblioteca personal de Julio Ortega Frier.ZNo se presta c33712d33712